[Event "Krasnoyarsk-ch"]
[Site "Krasnoyarsk"]
[Date "2016.03.16"]
[Round "3"]
[White "Kersanova, Darya"]
[Black "Isaev, Mikhail"]
[Result "1-0"]
[WhiteElo "1581"]
[BlackElo "1205"]
[PlyCount "49"]
[EventDate "2016.02.01"]
[EventType "swiss"]
[EventRounds "9"]
[EventCountry "RUS"]
[SourceTitle "CBM 171 Extra"]
[Source "ChessBase"]
[SourceDate "2016.04.26"]
[SourceVersion "1"]
[SourceVersionDate "2016.04.26"]
[SourceQuality "1"]

1. e4 e5 2. Nf3 Nc6 3. Bc4 Nf6 4. Ng5 d5 5. exd5 Na5 6. Bb5+ c6 7. dxc6 bxc6 8. Qf3 Bb7 9. Ba4 h6 10. Ne4 Nxe4 11. Qxe4 Qd4 12. Qxd4 exd4 13. 0-0 Bd6 14. d3 0-0 15. Bd2 Bc7 16. b4 Rfe8 17. bxa5 Re2 18. Re1 Rae8 19. Rxe2 Rxe2 20. Kf1 Re6 21. Na3 c5 22. f3 Bxh2 23. Re1 Rxe1+ 24. Kxe1 Bg3+ 25. Ke2 1-0